Wszystkie skiny do Obrzyna w CS:GO - Statystyki

Ogólne statystyki
  • Ten quiz został rozwiązany 4 razy
  • Średni wynik to 3 z 28
Statystyki odpowiedzi
Jakość Skin % Poprawnych
Czerwony The Kraken
100%
Fioletowy Apocalypto
25%
Niebieski Copper
25%
Różowy Devourer
25%
Niebieski First Class
25%
Niebieski Fubar
25%
Fioletowy Orange DDPAT
25%
Niebieski Rust Coat
25%
Fioletowy Serenity
25%
Niebieski Yorick
25%
Niebieski Amber Fade
0%
Niebieski Bamboo Shadow
0%
Niebieski Black Sand
0%
Niebieski Brake Light
0%
Niebieski Clay Ambush
0%
Niebieski Forest DDPAT
0%
Niebieski Full Stop
0%
Fioletowy Highwayman
0%
Niebieski Irradiated Alert
0%
Niebieski Jungle Thicket
0%
Fioletowy Limelight
0%
Niebieski Morris
0%
Niebieski Mosaico
0%
Niebieski Origami
0%
Niebieski Sage Spray
0%
Niebieski Snake Camo
0%
Różowy Wasteland Princess
0%
Niebieski Zander
0%
Nie znaleziono quizów pasujących do podanych kryteriów
Rozkład punktacji
Procent ludzi z każdym wynikiem
Percentyl według liczby udzielonych odpowiedzi
Twoja historia wyników
Nie rozwiązałeś tego quizu